[Event "Belgrade Serbia op"]
[Site "Belgrade"]
[Date "2023.07.16"]
[Round "1"]
[White "Stefan, Iulia Cristiana"]
[Black "Stefanovic, Bosko"]
[Result "1/2-1/2"]
[WhiteElo "1679"]
[BlackElo "2039"]
[PlyCount "63"]
[EventDate "2023.07.16"]
[EventType "swiss"]
[EventRounds "9"]
[EventCountry "SRB"]
[SourceTitle "CBM 215 Extra"]
[Source "ChessBase"]
[SourceDate "2023.09.30"]
[SourceVersion "1"]
[SourceVersionDate "2023.09.30"]
[SourceQuality "1"]

1. d4 Nf6 2. Bf4 g6 3. Nf3 Bg7 4. Nbd2 d6 5. c3 0-0 6. e4 Nbd7 7. Be2 Re8 8. 0-0 e5 9. dxe5 dxe5 10. Bg3 b6 11. Qc2 Bb7 12. Rfe1 h6 13. Bf1 Qe7 14. b4 Nh5 15. Nc4 Nxg3 16. hxg3 Rad8 17. a4 a6 18. Rad1 Nf8 19. Ne3 Rxd1 20. Rxd1 Rd8 21. Rxd8 Qxd8 22. Bc4 c6 23. Ng4 Qe7 24. Qd2 b5 25. axb5 axb5 26. Bb3 Kh7 27. Qa2 Bc8 28. Ne3 Be6 29. Bxe6 Qxe6 30. Qxe6 Nxe6 31. c4 bxc4 32. Nxc4 1/2-1/2

[Event "Belgrade-chT2 Quality"]
[Site "Belgrade"]
[Date "2022.10.22"]
[Round "3.7"]
[White "Kutanjac, Aleksandar"]
[Black "Stefanovic, Bosko"]
[Result "1/2-1/2"]
[WhiteElo "1865"]
[BlackElo "1587"]
[PlyCount "29"]
[EventDate "2022.10.15"]
[EventType "team-tourn"]
[EventRounds "13"]
[EventCountry "SRB"]
[SourceTitle "EXT 2024"]
[Source "ChessBase"]
[SourceDate "2023.10.10"]
[SourceVersion "1"]
[SourceVersionDate "2023.10.10"]
[SourceQuality "1"]
[WhiteTeam "Novi Belgrade Technicka"]
[BlackTeam "Belgrade Bogoslov"]
[WhiteTeamCountry "SRB"]
[BlackTeamCountry "SRB"]

1. d4 Nf6 2. c4 c5 3. e3 e6 4. Nc3 d5 5. Nf3 Nc6 6. cxd5 Nxd5 7. Bb5 cxd4 8. Qxd4 Bd7 9. Bxc6 Bxc6 10. Bd2 Nb4 11. Qxd8+ Rxd8 12. Ke2 Be7 13. a3 Nd5 14. Nxd5 Bxd5 15. Rhc1 1/2-1/2

[Event "Belgrade-chT2 Quality"]
[Site "Belgrade"]
[Date "2022.10.16"]
[Round "2.8"]
[White "Jankovic, Vladimir Z"]
[Black "Stefanovic, Bosko"]
[Result "0-1"]
[WhiteElo "1797"]
[BlackElo "1587"]
[PlyCount "122"]
[EventDate "2022.10.15"]
[EventType "team-tourn"]
[EventRounds "13"]
[EventCountry "SRB"]
[SourceTitle "EXT 2024"]
[Source "ChessBase"]
[SourceDate "2023.10.10"]
[SourceVersion "1"]
[SourceVersionDate "2023.10.10"]
[SourceQuality "1"]
[WhiteTeam "Zemun"]
[BlackTeam "Belgrade Bogoslov"]
[WhiteTeamCountry "SRB"]
[BlackTeamCountry "SRB"]

1. e4 c5 2. b4 b6 3. bxc5 bxc5 4. c3 Bb7 5. Qf3 Nf6 6. Bd3 Nc6 7. Bc2 e6 8. Qe2 Be7 9. Nf3 d5 10. e5 Nd7 11. 0-0 Qc7 12. Re1 0-0 13. d4 cxd4 14. cxd4 Nb4 15. Bb3 Ba6 16. Qd2 Rfc8 17. Ba3 Qb6 18. h4 Bc4 19. Re3 a5 20. Ba4 Bb5 21. Bxb5 Qxb5 22. Nc3 Qa6 23. Rc1 Nb6 24. Qe2 Nc4 25. Bxb4 axb4 26. Nd1 Qxa2 27. Qxa2 Rxa2 28. Rb3 Rca8 29. Ne3 Ra1 30. Rbb1 Rxb1 31. Rxb1 Nxe3 32. fxe3 Ra3 33. Kf2 Ra2+ 34. Kf1 Kf8 35. g3 Ke8 36. Ne1 Ra8 37. Nd3 Rb8 38. Nc1 Kd7 39. Ke2 Kc6 40. Kd3 Kb5 41. Ra1 Rb7 42. Nb3 Rc7 43. Nd2 h5 44. Rf1 f5 45. Rb1 Rc3+ 46. Ke2 g5 47. Nf3 gxh4 48. gxh4 b3 49. Nd2 Ka4 50. Ra1+ Ba3 51. Nb1 Rc1 52. Rxa3+ Kb4 53. Rxb3+ Kxb3 54. Nd2+ Kc3 55. Nf3 Rc2+ 56. Kf1 Ra2 57. Ng5 Kd3 58. Nxe6 Kxe3 59. Ng7 f4 60. e6 Kf3 61. Kg1 Rg2+ 0-1

[Event "Wch U12"]
[Site "Batumi"]
[Date "2022.09.17"]
[Round "2"]
[White "Dinh, Nho Kiet"]
[Black "Stefanovic, Bosko"]
[Result "1-0"]
[WhiteElo "1977"]
[BlackElo "1695"]
[PlyCount "77"]
[EventDate "2022.09.16"]
[EventType "swiss"]
[EventRounds "11"]
[EventCountry "GEO"]
[SourceTitle "EXT 2023"]
[Source "ChessBase"]
[SourceDate "2022.10.05"]
[SourceVersion "1"]
[SourceVersionDate "2022.10.05"]
[SourceQuality "1"]

1. d4 Nf6 2. c4 c5 3. d5 e6 4. Nc3 exd5 5. cxd5 d6 6. e4 g6 7. Nf3 Bg7 8. Nd2 0-0 9. Be2 Na6 10. 0-0 Nc7 11. a4 b6 12. Nc4 Re8 13. Qc2 Rb8 14. Bf4 Bf8 15. Rad1 a6 16. e5 dxe5 17. Nxe5 Bb7 18. Nc6 Bxc6 19. dxc6 Qc8 20. Bc4 b5 21. axb5 axb5 22. Bxc7 Qxc7 23. Bxb5 Bd6 24. h3 Be5 25. Ba4 Rb4 26. b3 Reb8 27. Nd5 Nxd5 28. Rxd5 Bd6 29. Rfd1 Rd8 30. Kh1 Rbb8 31. Qd3 Be7 32. Rd7 Rxd7 33. Qxd7 Qxd7 34. Rxd7 Bf6 35. c7 Ra8 36. Bc6 Ra1+ 37. Kh2 Be5+ 38. g3 Bxc7 39. Rxc7 1-0

[Event "Nis Palilula"]
[Site "Nis"]
[Date "2022.05.29"]
[Round "4"]
[White "Stefanovic, Bosko"]
[Black "Milovanovic, Srboljub"]
[Result "1/2-1/2"]
[WhiteElo "1786"]
[BlackElo "1980"]
[PlyCount "91"]
[EventDate "2022.05.27"]
[EventType "tourn"]
[EventRounds "7"]
[EventCountry "SRB"]
[SourceTitle "CBM 208 Extra"]
[Source "ChessBase"]
[SourceDate "2022.07.31"]
[SourceVersion "1"]
[SourceVersionDate "2022.07.31"]
[SourceQuality "1"]

1. d4 Nf6 2. Nc3 d5 3. Bf4 c6 4. e3 Bf5 5. f3 e6 6. g4 Bg6 7. h4 h6 8. Nh3 Bd6 9. Bxd6 Qxd6 10. Nf4 Bh7 11. Bd3 e5 12. dxe5 Qxe5 13. Qe2 Bxd3 14. Nxd3 Qg3+ 15. Kd2 Qc7 16. Nf4 Nbd7 17. g5 Ng8 18. g6 Ne5 19. Rag1 0-0-0 20. Kc1 Nf6 21. gxf7 Qxf7 22. Qg2 Rd7 23. Ng6 Re8 24. Nxe5 Rxe5 25. Re1 Qe6 26. Qf2 b6 27. Re2 Rf7 28. Qe1 Re7 29. Rg1 d4 30. Ne4 dxe3 31. Rxe3 Nxe4 32. Rxe4 Rxe4 33. Qxe4 Qxe4 34. fxe4 Rxe4 35. Rxg7 Rxh4 36. Rxa7 Rh2 37. b4 h5 38. Rh7 h4 39. a4 h3 40. a5 bxa5 41. bxa5 Rh1+ 42. Kb2 h2 43. a6 Kb8 44. Kc3 Ka8 45. Kb2 Kb8 46. Kc3 1/2-1/2

[Event "Belgrade-chT Quality"]
[Site "Belgrade"]
[Date "2021.11.20"]
[Round "11.7"]
[White "Savic, Dusan"]
[Black "Stefanovic, Bosko"]
[Result "1/2-1/2"]
[WhiteElo "1302"]
[BlackElo "1690"]
[PlyCount "65"]
[EventDate "2021.10.16"]
[EventType "team-tourn"]
[EventRounds "11"]
[EventCountry "SRB"]
[SourceTitle "EXT 2023"]
[Source "ChessBase"]
[SourceDate "2022.10.05"]
[SourceVersion "1"]
[SourceVersionDate "2022.10.05"]
[SourceQuality "1"]
[WhiteTeam "Belgrade Zemun"]
[BlackTeam "Belgrade Novi"]
[WhiteTeamCountry "SRB"]
[BlackTeamCountry "SRB"]

1. e4 c6 2. d4 d5 3. e5 c5 4. c3 Nc6 5. Nf3 Bg4 6. Bb5 e6 7. h3 Bxf3 8. Qxf3 cxd4 9. cxd4 Bb4+ 10. Bd2 Bxd2+ 11. Nxd2 Nge7 12. 0-0 0-0 13. Bxc6 Nxc6 14. Nb3 Qh4 15. Rfd1 f6 16. Qe3 fxe5 17. dxe5 Rf5 18. Nd4 Rxe5 19. Qc3 Nxd4 20. Rxd4 Qf6 21. Rb4 Rf8 22. f4 Re2 23. Qxf6 Rxf6 24. Rxb7 Rxf4 25. Rxa7 Rxb2 26. Rc1 Rc4 27. Rf1 h6 28. Rff7 Rcc2 29. Rxg7+ Kf8 30. Rgf7+ Kg8 31. Rg7+ Kf8 32. Raf7+ Ke8 33. Re7+ 1/2-1/2

[Event "Belgrade-chT Quality"]
[Site "Belgrade"]
[Date "2021.11.14"]
[Round "10.4"]
[White "Katanic Vujic, Petar"]
[Black "Stefanovic, Bosko"]
[Result "1-0"]
[WhiteElo "2275"]
[BlackElo "1690"]
[PlyCount "77"]
[EventDate "2021.10.16"]
[EventType "team-tourn"]
[EventRounds "11"]
[EventCountry "SRB"]
[SourceTitle "EXT 2023"]
[Source "ChessBase"]
[SourceDate "2022.10.05"]
[SourceVersion "1"]
[SourceVersionDate "2022.10.05"]
[SourceQuality "1"]
[WhiteTeam "Belgrade Vodovod"]
[BlackTeam "Belgrade Novi"]
[WhiteTeamCountry "SRB"]
[BlackTeamCountry "SRB"]

1. Nf3 Nf6 2. c4 g6 3. Nc3 Bg7 4. e4 d6 5. d4 0-0 6. Be2 e5 7. Be3 Nc6 8. d5 Ne7 9. Nd2 a5 10. c5 Ne8 11. Nc4 f5 12. f3 dxc5 13. Bxc5 Nd6 14. Qb3 g5 15. Nxd6 cxd6 16. Bb6 Qe8 17. Nb5 Qg6 18. Nc7 Rb8 19. Ba7 Bd7 20. Bxb8 Rxb8 21. Bd3 f4 22. Bb5 Bxb5 23. Qxb5 g4 24. Qe2 h5 25. Ne6 Bf6 26. 0-0-0 Rc8+ 27. Kb1 a4 28. h3 g3 29. Qb5 a3 30. bxa3 Rc3 31. Rd3 Rxd3 32. Qxd3 Qe8 33. Qb3 Qa8 34. Rc1 Qa6 35. a4 Qe2 36. Rc2 Qf1+ 37. Kb2 Qa6 38. Qb5 Qa8 39. Rc7 1-0

[Event "Belgrade-chT Quality"]
[Site "Belgrade"]
[Date "2021.10.23"]
[Round "3.8"]
[White "Stefanovic, Bosko"]
[Black "Mitrovic, Vladan"]
[Result "1/2-1/2"]
[WhiteElo "1690"]
[BlackElo "1891"]
[PlyCount "68"]
[EventDate "2021.10.16"]
[EventType "team-tourn"]
[EventRounds "11"]
[EventCountry "SRB"]
[SourceTitle "EXT 2023"]
[Source "ChessBase"]
[SourceDate "2022.10.05"]
[SourceVersion "1"]
[SourceVersionDate "2022.10.05"]
[SourceQuality "1"]
[WhiteTeam "Belgrade Novi"]
[BlackTeam "Belgrade Sremcica"]
[WhiteTeamCountry "SRB"]
[BlackTeamCountry "SRB"]

1. e4 e6 2. d4 d5 3. exd5 exd5 4. c4 Nf6 5. Nf3 Bb4+ 6. Nc3 0-0 7. Be2 Ne4 8. Bd2 Nxd2 9. Qxd2 Re8 10. 0-0 Bxc3 11. bxc3 Nc6 12. Rfe1 Na5 13. cxd5 b6 14. Bb5 Bd7 15. Bd3 Rxe1+ 16. Rxe1 Be8 17. Qe2 Kf8 18. Be4 g6 19. Ne5 f6 20. Qf3 Rc8 21. Nc6 Nxc6 22. dxc6 Bf7 23. Qh3 f5 24. Bc2 Kg7 25. Bb3 Qf6 26. Bxf7 Qxf7 27. Qe3 Kf8 28. Qe6 Re8 29. Qxf7+ Kxf7 30. Re5 Re6 31. Kf1 Rxc6 32. Re3 Rc4 33. f4 Ra4 34. Re2 Ra3 1/2-1/2